| 000 | 00439nam a2200157 i 4500 | ||
|---|---|---|---|
| 001 | 79704 | ||
| 003 | ES-MaACL | ||
| 005 | 20230906174032.0 | ||
| 007 | t| | ||
| 008 | 041022s1920 fr ||||1| fre d | ||
| 100 | 1 |
_aHertz, Henri. _963401 |
|
| 245 | 1 | 0 |
_aArt et esthétique _b: Degas / _cpar Henri Hertz. |
| 260 |
_a[S.l. : _bs.n., _c1920] ( _eEvreux : _fCh. Herissey) |
||
| 300 |
_a112 p., 24 lám. ; _c20 cm. |
||
| 852 |
_aES-MaACL _jF-5957 |
||
| 999 |
_c79704 _d79704 |
||